Roman Ondak history repeats itself

Bibliographic Details
Main Authors: Toft, Stinna, 1972- (Author, Curator), Ørskou, Gitte (Author), Huck, Brigitte (Author)
Other Authors: Ondák, Roman, 1966- (Curator), Preis, Judyta (Translator), Monrad, Jørgen Herman (Translator)
Format: Book
Language:Danish
English
PhysicalDescription:180 strán fotografie 22 cm
Published: Aalborg London Kunsten Koenig Books [2017]
ISBN:9783960982081
Subjects:

MARC

LEADER 00000nam a2200000 4500
001 vtls012135477
003 SK-MaSNL
005 20260331212400.0
008 220517s2017 dk o e c 000 0 dan
015 |a SNBZSE2022 
020 |a 9783960982081  |q (brožované) 
040 |a SNK  |b slo  |c SNK  |e rda 
041 1 |a dan  |a eng 
043 |a e-xo--- 
044 |a dk  |c DK  |a xxk  |c GB 
072 7 |a 7.01/.09  |x Umenie  |2 konspekt 
080 |a 72/76(437.3)  |2 2011 
080 |a 7.038.54  |2 2011 
080 |a 7.038.531  |2 2011 
080 |a 7.036/.038  |2 2011 
080 |a (437.6)  |2 2011 
080 |a (083.824)  |2 2011 
100 1 |a Ondák, Roman,  |d 1966-  |4 art  |4 cur  |4 red  |9 108816 
245 1 0 |a Roman Ondak  |b history repeats itself  |c tekst: Gitte Ørskou, Stinna Toft & Brigitte Huck ; oversættelse: Judyta Preis & Jørgen Herman Monrad 
246 3 0 |a History repeats itself 
264 1 |a Aalborg  |b Kunsten  |a London  |b Koenig Books  |c [2017] 
264 4 |c ©2017 
300 |a 180 strán  |b fotografie  |c 22 cm 
336 |a text  |b txt  |2 rdacontent 
336 |a statický obraz  |b sti  |2 rdacontent 
337 |a bez média  |b n  |2 rdamedia 
338 |a zväzok  |b nc  |2 rdacarrier 
500 |a Obsahuje biografické a profesijné údaje o umelcovi a autoroch, zoznam prezentovaných obrazov 
500 |a Katalóg vychádza pri príležitosti výstavy konanej 25.3.2017-17.9.2017 v Múzeu moderného umenia v meste Aalborg 
504 |a Bibliografické odkazy v poznámkach na strane 99 
546 |a Súbežný text v angličtine 
600 1 7 |a Ondák, Roman,  |d 1966-  |2 SNKMA  |9 108816 
648 7 |a 20.-21. storočie  |2 SNKPH  |9 302531 
648 7 |a 20th-21st centuries  |2 SNKPHeng  |9 285312 
650 0 7 |a slovenské výtvarné umenie  |2 SNKPH  |9 68597 
650 0 7 |a konceptuálne umenie  |2 SNKPH  |9 68092 
650 0 7 |a akčné umenie  |2 SNKPH  |9 86991 
650 0 7 |a moderné umenie  |2 SNKPH  |9 68456 
650 0 7 |a Slovak art  |2 SNKPHeng  |9 275442 
650 0 7 |a Conceptual art  |2 SNKPHeng  |9 313328 
650 0 7 |a Action art  |2 SNKPHeng  |9 323601 
650 0 7 |a Modern art  |2 SNKPHeng  |9 294689 
651 7 |a Slovensko  |2 SNKPH  |9 14231 
651 7 |a Slovakia  |2 SNKPHeng  |9 92630 
655 7 |a katalógy výstav  |2 SNKPH  |9 70445 
655 7 |a Exhibition catalogs  |2 SNKPHeng  |9 266232 
700 1 |a Toft, Stinna,  |d 1972-  |4 aut  |4 cur  |4 red  |9 369398 
700 1 |a Preis, Judyta  |4 trl  |9 369399 
700 1 |a Monrad, Jørgen Herman  |4 trl  |9 369400 
700 1 |a Ørskou, Gitte  |4 aut  |4 red  |9 369401 
700 1 |a Huck, Brigitte  |4 aut  |9 369402 
919 |a 978-3-96098-208-1 
954 |a obrazové publikácie zamerané na výtvarné umenie a fotografiu pôvodné (slovenské)  |2 lita 
958 |a ZS 
958 |a NB 
999 |c 613663  |d 615593 
952 |a SNK  |b SNK  |y PREZ  |7 0  |p 17A1514094  |o snkSC 199430  |i snk2022/15193  |8 4  |g 24.32  |0 0  |1 0  |4 0  |d 2022-05-17  |l 0  |r 2025-10-22 00:00:00  |w 2026-02-23